000 00471nam a2200181Ia 4500
005 20240823013320.0
008 240823s9999||||xx |||||||||||||| ||und||
041 _aENGLISH
082 _A006.6 M9
100 _a"Rankin,John R"
245 0 _aComputer Graphics Software Construction : using the pascal language
250 _a1st
260 _c1989
_b"PHI,New"
500 _aTRANSFERED
650 _aGraphics
_bInformation Technology
942 _cBK
999 _c166898
_d166898